| 000 | 00485nam a2200145Ia 4500 | ||
|---|---|---|---|
| 008 | 180901s9999 xx 000 0 und d | ||
| 020 | _a9789814570312 | ||
| 100 | _aPolgar,Stephen. | ||
| 245 |
_cStephen Polgar,Shane A. Thomas.-- _aIntroduction to research in the health sciences / |
||
| 250 | _a6th ed | ||
| 260 |
_aSingapore : _bElsevier _c2016 |
||
| 300 | _aix, 235 pages. | ||
| 650 | _aMedical sciences -- Research -- Methodology. | ||
| 650 | _aMedicine -- Research -- Methodology. | ||
| 999 |
_c358472 _d358472 |
||